Sociálne náuky Cirkvi a ich odraz v Katolíckych novinách

Bibliographic Details
Main Author: Pecha, Jaroslav (Author)
Format: Article
Language:Slovak
ISBN:8071623350
Subjects:

MARC

LEADER 00000nab a2200000 a 4500
001 vtls000840581
003 SK-MaSNL
005 20260305032422.0
008 161006c2001 xo 0 slo
015 |a SNBRA2003/07-20668 
035 |a CLN000192236 
040 |a SNKBUCL  |b slo  |c SNKBUCL  |e AACR2 
041 0 |a slo 
044 |a xo  |c SK 
080 |a 282:050(437.6)  |2 1997 
080 |a 050(437.6):282  |2 1997 
100 1 |a Pecha, Jaroslav  |4 aut  |9 443695 
245 1 0 |a Sociálne náuky Cirkvi a ich odraz v Katolíckych novinách  |c Jaroslav Pecha 
504 |a Bibliogr. odkazy 
610 7 |a Cirkev  |x náuka sociálna  |2 snkbucl  |9 1611702 
630 0 7 |a Katolícke noviny  |2 snkbucl  |9 313040 
651 7 |a Trnava (Slovensko : okres)  |2 snkbucl  |9 51837 
655 7 |a články zo zborníkov  |2 snkbucl  |9 166140 
773 0 |w SK01SNK20000365806  |z 8071623350  |t 130 rokov Spolku svätého Vojtecha a 150 rokov Katolíckych novín  |d Trnava : Spolok sv. Vojtecha, 2001  |g S. 75-81 
850 |a Slovenská národná knižnica v Martine 
852 |a SNK  |b KIS3GCP 
958 |a NB 
958 |a SK 
999 |c 3320004  |d 3321934